00333nam a2200145Ia 4500008004100000020001800041041000800059082001900067100001500086245001900101260002800120300000800148365001600156700001500172230718s9999 xx 000 0 und d a9781591844501 aeng a338.092'2bBYR aByrne J.A. aWorld Changers c2011bPortfolio/Penguin a276 cRs.b799.00 aByrne J.A.